Teoretické a praktické prístupy k zdaňovaniu spotreby – vybrané problémy

Teoretické východiská optimálneho zdanenia spotreby, Ramseyho pravidlo inverznej elasticity. Zdaňovanie spotreby v rámci jednotného trhu EÚ - uplatňovanie diferencovaných sadzieb DPH. Reforma sadzieb DPH na úrovni EÚ.

Gespeichert in:
Bibliographische Detailangaben
1. Verfasser: Rabatinová, Marcela, 1977-
Weitere Verfasser: Schultzová, Anna, Benko, Peter
Format: Buchkapitel
Sprache:Slowakisch
Schlagworte:
Tags: Tag hinzufügen
Keine Tags, Fügen Sie das erste Tag hinzu!

MARC

LEADER 00000nla a2200000 4500
001 0239820
005 20240502073905.0
041 0 |a slo 
044 |a SK 
245 1 0 |a Teoretické a praktické prístupy k zdaňovaniu spotreby – vybrané problémy  |c Marcela Rabatinová, Anna Schultzová, Peter Benko 
520 |a Teoretické východiská optimálneho zdanenia spotreby, Ramseyho pravidlo inverznej elasticity. Zdaňovanie spotreby v rámci jednotného trhu EÚ - uplatňovanie diferencovaných sadzieb DPH. Reforma sadzieb DPH na úrovni EÚ. 
610 2 0 |a politika daňová 
610 2 0 |a sústava daňová 
610 2 0 |a optimalizácia daňová 
610 2 0 |a zdaňovanie 
610 2 0 |a zdaňovanie medzinárodné 
610 2 0 |a dane 
610 2 0 |a dane z hodnoty pridanej 
610 2 0 |a dane spotrebné 
610 2 0 |a sadzby daňové 
610 2 0 |a spotreba 
610 2 0 |a komodity 
610 2 0 |a zaťaženie daňové 
610 2 0 |a reformy 
610 2 0 |a Európska únia 
100 1 |a Rabatinová, Marcela, 1977- 
700 1 |a Schultzová, Anna 
700 1 |a Benko, Peter